|
|
|
|
| LEADER |
00881nam a2200253 u 4500 |
| 001 |
10074333 |
| 003 |
upatras |
| 005 |
20210117201827.0 |
| 008 |
090516s2007 us eng |
| 020 |
|
|
|a 9780199251315
|
| 040 |
|
|
|a GR-PaULI
|c GR-PaULI
|
| 041 |
0 |
|
|a eng
|
| 082 |
0 |
4 |
|a 170
|
| 100 |
1 |
|
|a Wedwood, Ralph
|9 73962
|
| 245 |
1 |
0 |
|a The nature of normativity
|c Ralph Wedwood
|
| 260 |
|
|
|a New York
|b Oxford University Press
|c 2007
|
| 300 |
|
|
|a x, 296 p.
|c 24 cm.
|
| 504 |
|
|
|a Includes bibliography and index
|
| 650 |
|
4 |
|9 164
|a Ηθική
|
| 852 |
|
|
|a GR-PaULI
|b ΠΑΤΡΑ
|b ΦΙΛΟΣΟΦΙΑ
|k ΑΣΧΞ-4
|h 170 WED
|m 5828
|p 025000171043
|t 1
|
| 942 |
|
|
|2 ddc
|c BK15
|
| 952 |
|
|
|0 0
|1 0
|4 0
|6 170_000000000000000_WED
|7 0
|9 75806
|a PHIL
|b PHIL
|d 2016-04-24
|i 5828
|l 0
|o 170 WED
|p 025000171043
|r 2016-04-24 00:00:00
|t 1
|w 2016-04-24
|y BK15
|
| 998 |
|
|
|c ΠΑΝΑΓΟΠΟΥΛΟΣ
|d 2009-05
|
| 999 |
|
|
|c 50578
|d 50578
|